000 00233nam a2200097Ia 4500
001 990328
005 20250826221309.0
008 250824s9999 xx 000 0 und d
245 0 _aKENDİNİ ARAMAK
_cİHSAN FAZLIOĞLU
260 _bKETEBE
999 _c990328
_d990328